000 00703nam a2200253Ia 4500
003 OSt
005 20220928121917.0
006 a|||||r|||| 00| 0
007 ta
008 220927b |||||||| |||| 00| 0 eng d
020 _cUSD 95.00
024 _a133569
037 _b185, 15/03/2017, N.R.Book Distributors
_cTextual
040 _aSDCL
_cSDCL
_beng
041 _2eng
_aeng
082 _aG11, Q5
100 _aJohnstone R
_9454803
245 0 _aCell death techniques
_b A laboratory manual
260 _c2015
300 _axiii,514p.
_ccm.
650 _aBiochemistry
942 _hG11, Q5
_cTEXL
_2CC
999 _c768530
_d768530